Daily Capital City Riddle #79 - Statistics

General Stats
  • This quiz has been taken 49 times
  • The average score is 27 of 35
Answer Stats
Type Answer % Correct
Found Letter A
100%
Found Letter E
100%
Found Letter R
100%
Found Letter G
98%
Alphabet Letter I
98%
Found Letter N
98%
Found Letter O
98%
Alphabet Letter S
98%
Alphabet Letter T
98%
Correctly Placed Letter A
95%
Found Letter B
95%
Alphabet Letter L
95%
Alphabet Letter M
95%
Alphabet Letter D
90%
Alphabet Letter H
90%
Alphabet Letter C
88%
Alphabet Letter K
88%
Alphabet Letter U
88%
Alphabet Letter W
86%
Alphabet Letter P
76%
Alphabet Letter J
74%
Alphabet Letter V
71%
Correctly Placed Letter O
67%
Alphabet Letter Y
64%
Correctly Placed Letter R
62%
Correctly Placed Letter B
60%
Correctly Placed Letter O
60%
Alphabet Letter Z
60%
Correctly Placed Letter N
57%
Alphabet Letter X
57%
Alphabet Letter Q
52%
Correctly Placed Letter E
50%
Alphabet Letter F
48%
Correctly Placed Letter G
48%
Mystery Capital Gaborone
45%
No matching quizzes found
Score Distribution
Percent of People with Each Score
Percentile by Number Answered
Your Score History
You have not taken this quiz